Spoločenská zodpovednosť v podniku Považský cukor a.s. bakalárska práca

Na minha lista:
Detalhes bibliográficos
Autor principal: Paholková, Barbora
Autor Corporativo: Obchodná fakulta EU. Katedra marketingu
Outros Autores: Francová, Zuzana, 1971-
Formato: Livro
Idioma:eslovaco
Publicado em: Bratislava 2010
Tags: Adicionar Tag
Sem tags, seja o primeiro a adicionar uma tag!

MARC

LEADER 00000nam$a2200000$$$4500
001 0135113
005 20240320074516.7
041 0 |a slo 
044 |a SK 
245 1 0 |a Spoločenská zodpovednosť v podniku Považský cukor a.s.  |b bakalárska práca  |c Barbora Paholková ; školiteľ: Zuzana Francová 
264 1 |a Bratislava  |c 2010 
300 |a 50 s. 
100 1 |a Paholková, Barbora 
700 1 |a Francová, Zuzana, 1971- 
710 2 |a Obchodná fakulta EU. Katedra marketingu